000 00576nam a2200193 i 4500
001 25407
003 ES-MaACL
005 20230906153247.0
007 t|
008 021226s1954 sp ||||1| spa d
100 1 _aArmenter de Monasterio, Federico.
_922956
245 1 4 _aLas radiaciones /
_cpor Fedérico Armenter de Monasterio.
260 _aBarcelona :
_bSeix Barral,
_c1954.
300 _a1 v.
490 1 _aEstudio de conocimientos generales
830 0 _aEstudio de conocimientos generales
_9182396
852 _aES-MaACL
_jC-8469
_bR.36515
999 _c25407
_d25407